000 00867nam a2200277Ia 4500
003 OSt
005 20221005110605.0
006 a|||||r|||| 00| 0
007 ta
008 221004b |||||||| |||| 00| 0 hin d
020 _a812630989X
024 _a32019
037 _cTextual
040 _aCRL
_cCRL
_bhin
041 _2hin
_ahin
082 _aO152,2N587,NR, P6
100 _aमीरा कांत
245 0 _aनेपथ्य राग
246 _aNepathya rāga
260 _aनई दिल्ली
_bभारतीय ज्ञानपीठ भारत
_c2006
300 _a64पृ.
_ccm.
490 _aलोकोदय ग्रंथमाला; 736
650 _aहिन्दी नाटक
942 _hO152,2N587,NR, P6
_cTEXL
_2cc
999 _c1019298
_d1019298